Women’s Economic Participation Rate (Wep) in the Capricorn District, Limpopo, South Africa: Level and Factors
Úroveň účasti žien v sektore hospodárstva v Capricorn District a odporúča stratégiu, ktorá minimalizuje nezamestnanosť žien. Prieskum bol vykonaný od 2 600 žien v štáte Kozoroha vo veku od 20 do 54 rokov. Na získanie informácií boli použité viacstupňové vzorky .
Saved in:
| Main Author: | |
|---|---|
| Format: | Book Chapter |
| Language: | English |
| Subjects: | |
| Tags: |
No Tags, Be the first to tag this record!
|
MARC
| LEADER | 00000naa a2200000 4500 | ||
|---|---|---|---|
| 001 | 0249004 | ||
| 005 | 20191008102539.1 | ||
| 041 | 0 | |a eng | |
| 044 | |a UA | ||
| 245 | 1 | 0 | |a Women’s Economic Participation Rate (Wep) in the Capricorn District, Limpopo, South Africa: Level and Factors |c Kwabena A. Kyei |
| 520 | |a Úroveň účasti žien v sektore hospodárstva v Capricorn District a odporúča stratégiu, ktorá minimalizuje nezamestnanosť žien. Prieskum bol vykonaný od 2 600 žien v štáte Kozoroha vo veku od 20 do 54 rokov. Na získanie informácií boli použité viacstupňové vzorky . | ||
| 610 | 2 | 0 | |a aktivita hospodárska |
| 610 | 2 | 0 | |a aktivita pracovná |
| 610 | 2 | 0 | |a ženy |
| 610 | 2 | 0 | |a Juhoafrická republika |
| 100 | 1 | |a Kyei, Kwabena A. | |